| 000 | 01268 a2200241 4500 | ||
|---|---|---|---|
| 005 | 20080922103335.0 | ||
| 008 | 080922t xxu||||| |||| 00| 0 hin d | ||
| 010 | _aHIN-81283 | ||
| 020 |
_c500.00 _a8179101355 |
||
| 035 | _aHN-53629 | ||
| 037 | _bD.B.Act / pub | ||
| 082 | _a815 | ||
| 100 | _aशर्मा, रीटा | ||
| 245 |
_aसंस्कृत शिक्षण _cरीटा शर्मा तथा अमित जौन |
||
| 246 |
_aShankrit Shikcha _bby Reeta Sharma&Amita Jain |
||
| 260 |
_aजयपुर _bआविष्कार पब्लिशर्स _c2005 |
||
| 270 |
_b807, व्यास बिल्डिंग, चौड़ा रास्ता _aजयपुर _e302003 (राज.) _k2578159 _l2578159 _maavishkarbooks@hotmail.com |
||
| 300 |
_aviii,240पृ _c22सेमी (सजिल्द) |
||
| 490 | _a(भारतीय समाज शास्त्र शोध ग्रन्थमाला-2) | ||
| 700 | _aजैन, अमिता | ||
| 942 |
_adpl _cHN _k815 / शर्मारी _2ddc _h815 _mशर्मारी |
||
| 999 |
_c8064 _d8064 |
||